[Event "RSA-chT U10"]
[Site "Cape Town"]
[Date "2016.01.05"]
[Round "3.9"]
[White "Roets, Zanru"]
[Black "Engels, Zander"]
[Result "0-1"]
[WhiteElo "551"]
[BlackElo "826"]
[PlyCount "36"]
[EventDate "2016.01.04"]
[EventType "team-tourn"]
[EventRounds "7"]
[EventCountry "RSA"]
[SourceTitle "CBM 170 Extra"]
[Source "ChessBase"]
[SourceDate "2016.02.25"]
[SourceVersion "1"]
[SourceVersionDate "2016.02.25"]
[SourceQuality "1"]
[WhiteTeam "Ekurhuleni"]
[BlackTeam "Tshwane"]
[WhiteTeamCountry "RSA"]
[BlackTeamCountry "RSA"]

1. e4 e5 2. Nf3 Nc6 3. Nc3 d6 4. Bc4 f5 5. exf5 Bxf5 6. Ng5 Qxg5 7. d4 Qxg2 8. Bd5 Qg6 9. dxe5 Bxc2 10. Qf3 Nxe5 11. Qe3 Qf5 12. 0-0 Nf6 13. Bxb7 Rb8 14. Bc6+ Kf7 15. Qxa7 Qg4+ 16. Kh1 Nf3 17. Qxc7+ Be7 18. h3 Qxh3# 0-1